000 00585nam a2200133 4500
999 _c9049
_d9049
008 180405b ||||| |||| 00| 0 eng d
082 _aDPer 050 Dec 2015-Mar 2016 T48 v186-187
100 _927179
_aTaylor, Paul.
245 _aThe kids are all left:
_bmillennials are financially stressed, socially liberal and politically pivotal. but none of that will matter if they don't vote/
_cPaul Taylor.
260 _aNew York:
_bTime Inc.,
_c©Dec 2015-Mar 2016.
300 _av187 n6-7, pages 22-27:
_billustrations;
_c27 cm.
650 0 _927180
_aElections
_xYoung voters.
942 _2ddc
_cPER